Tính giao tiếp trong việc dạy học tiếng nước ngoài

Na minha lista:
Detalhes bibliográficos
Autor principal: Nguyễn Thị Thu Hiền.
Outros Autores: Lê Xuân Thức (hướng dẫn.)
Formato: Livro
Idioma:Vietnamese
Publicado em: Đà Nẵng, 1990.
Assuntos:
Tags: Adicionar Tag
Sem tags, seja o primeiro a adicionar uma tag!
Thư viện lưu trữ: Mạng thư viện Đại học Đà Nẵng
LEADER 00969cmm a2200337 i 4500
001 000044813
003 3221
005 20040322110133.0
008 010312b1990 vm 000 vie
040 |a IRC  |c IRC  |d IRC 
041 0 |a vie 
082 1 4 |a 491.7071  |b NG-H 
100 1 |a Nguyễn Thị Thu Hiền. 
245 0 0 |a Tính giao tiếp trong việc dạy học tiếng nước ngoài  |h [Thesis - Luận văn] /  |c Nguyễn Thị Thu Hiền thực hiện ; Lê Xuân Thức hướng dẫn. 
260 |a Đà Nẵng,  |c 1990. 
300 |a 27tr. ;  |c 26cm. 
630 0 4 |a Giáo dục. 
630 0 4 |a Nga ngữ. 
630 0 4 |a Ngoại ngữ. 
650 0 4 |a Ngoại ngữ  |x Giao tiếp. 
700 1 |a Lê Xuân Thức,  |e hướng dẫn. 
OWN |a DUT 
999 |a From the UDN01 
TYP |a Computer file 
TYP |a Monograph 
980 |a Mạng thư viện Đại học Đà Nẵng